000 00480nam a22001457a 4500
008 140917b xxu||||| |||| 00| 0 eng d
050 _aKFM2480.M3 (vol.27.)
245 _aMassachusetts practice (1966 vol.27):
_bProbate law and practice with forms. /
_cJohn F. Lombard.
260 _aBostonl:
_bBoston Law Books,
_c1966.
300 _axxxv,602p.:
_c24cm.
440 _pMassachusetts practice.
_vvol.27.
500 _aIncludes index.
800 _aLombard, John F.
942 _2lcc
_cBK
999 _c4930
_d12430